| 000 | 00528 a2200193 4500 | ||
|---|---|---|---|
| 020 | _a089529835X | ||
| 040 |
_aDLC _bDLC |
||
| 082 | 0 | 0 | _a658.4/092 |
| 100 | 1 | _aSmith, Perry M. | |
| 245 | 1 | 0 |
_aRules and tools for leaders _cPerry M. Smith. |
| 246 | 3 | _aRules and tools for leaders | |
| 260 |
_aGarden City Park, N.Y. : _bAvery Publishing, _cc1998. |
||
| 300 |
_axiii, 290 p. ; _c23 cm. |
||
| 650 | 0 | _aLeadership. | |
| 650 | 0 | _aExecutives. | |
| 650 | 0 | _aManagement. | |
| 650 | 0 | _aOrganization. | |
| 942 |
_cBK _k658.4092 SMI _2ddc |
||
| 999 |
_c8614 _d8614 |
||